• 首页
  • 本馆介绍
  • 公告通知
  • 最新文献
  • 馆藏检索
  • 电子资源
  • 读者导购
  • 参考咨询
  • 我的图书馆
  • 登录
  • 详细信息显示
  • 放入我的书架
  • 预约/预借图书
  • 作者相关作品
  • 分类相关作品
  • 丛书相关作品
  • 出版社相关作品

书目信息

  • 表格格式
  • 工作单格式
  • 卡片格式
题名:
青春期的快乐与烦恼
    
 
作者: 苏成栋 编著
分册:  
出版信息: 贵阳   贵州民族出版社  2013
页数: 228页
开本: 23cm
丛书名:
单 册:
中图分类: G479.2
科图分类:
主题词: 青春期--健康教育--青年读物 , 青春期 , 健康教育
电子资源:
ISBN: 978-7-5412-2023-4
000 00854nam0 2200265 450
001 012001000992
005 20131025155729.0
010    @a978-7-5412-2023-4@dCNY29.80
090    @aG47@bscd
100    @a20140429d2013 em y0chiy50 ea
101 0  @achi
102    @aCN@b520000
105    @ay z 000yy
106    @ar
200 1  @a青春期的快乐与烦恼@9qing chun qi de kuai le yu fan nao@f苏成栋编著
210    @a贵阳@c贵州民族出版社@d2013
215    @a228页@d23cm
330    @a本书对青少年在青春期心理、性格、感情等方面的发展变化作了描述,对青少年如何正确自我认识、教师该如何引导他们的情感朝着正确的方面发展作了指导说明。
606 0  @a青春期@x健康教育@j青年读物
606 0  @a青春期
606 0  @a健康教育
690    @aG479.2@v5
701  0 @a苏成栋@9su cheng dong@4编著
801  0 @aCN@b江苏凤凰@c20191020
905    @b1222124-7@dG479.2@e210@f4
    
    青春期的快乐与烦恼/苏成栋编著.-贵阳:贵州民族出版社,2013
    228页;23cm
    
    
    ISBN 978-7-5412-2023-4:CNY29.80
    本书对青少年在青春期心理、性格、感情等方面的发展变化作了描述,对青少年如何正确自我认识、教师该如何引导他们的情感朝着正确的方面发展作了指导说明。
●
相关链接 在E读中查询图书 在五车中查询图书 在当当中查询图书 在豆瓣中查询图书


正题名:青春期的快乐与烦恼     索取号:G479.2/210         预约/预借

序号 登录号 条形码 馆藏地/架位号 状态 备注
1 1222124   212221246   第一样本阅览室/ [索取号:G479.2/210] 在馆    
2 1222125   212221255   教育系资料室/ [索取号:G479.2/210] 在馆    
3 1222126   212221264   教育系资料室/ [索取号:G479.2/210] 在馆    
4 1222127   212221273   第四借阅区/ [索取号:G479.2/210] 在馆    
唐山师范学院图书馆 欢迎您!
大连网信软件有限公司© 版权所有